Joueur de la saison en Bundesliga entre 2010 et 2025 - Statistiques

Statistiques générales
  • Ce quiz a été pris 68 fois
  • Le résultat moyen est 12 sur 16
Statistiques - réponses
Saison Club Joueur % Correct
2024 - 2025 Bayern Munich Harry Kane
91%
2019 - 2020 Bayern Munich Robert Lewandowski
91%
2023 - 2024 Bayer Leverkusen Florian Wirtz
89%
2010 - 2011 Schalke 04 Manuel Neuer
89%
2013 - 2014 Bayern Munich Manuel Neuer
89%
2011 - 2012 Borussia Monchengladbach Marco Reus
86%
2018 - 2019 Borussia Dortmund Marco Reus
86%
2009 - 2010 Bayern Munich Arjen Robben
73%
2022 - 2023 Borussia Dortmund Jude Bellingham
71%
2016 - 2017 Bayern Munich Philipp Lahm
70%
2014 - 2015 Vfl Wolfsburg Kevin De Bruyne
65%
2017 - 2018 Real Madrid Toni Kroos
62%
2021 - 2022 RB Leipzig Christopher Nkunku
61%
2020 - 2021 Borussia Dortmund Erling Haaland
56%
2015 - 2016 Bayern Munich Jérôme Boateng
47%
2012 - 2013 Bayern Munich Bastian Schweinsteiger
38%
Aucun quiz correspondant
Distribution des résultats
% des personnes avec chaque résultat
Percentile par nombre de réponses
Votre historique - résultats
Vous n’avez pas pris ce quiz